City by airport name - Statistics

General Stats
  • This quiz has been taken 88 times
  • The average score is 23 of 36
Answer Stats
Airport name City % Correct
Incheon Seoul
73%
Haneda Tokyo
73%
Narita Tokyo
72%
Dulles Washington D.C
71%
Gatwick London
69%
Indira Gandhi New Delhi
69%
Schiphol Amsterdam
68%
Atatürk Istanbul
68%
Heathrow London
68%
Orly Paris
68%
Changi Singapore
68%
O’Hare Chicago
67%
LaGuardia New York City
67%
Suvarnabhumi Bangkok
65%
Charles de Gaulle Paris
65%
Arlanda Stockholm
64%
OR Tambo Johannesburg
63%
Newark New York City
63%
Hartsfield-Jackson Atlanta
62%
Domodedovo Moscow
62%
Fiumicino Rome
62%
Pudong Shanghai
62%
Hongqiao Shanghai
62%
Kingsford Smith Sydney
62%
Barajas Madrid
60%
Pearson Toronto
60%
Schönefeld Berlin
59%
Hamad Doha
59%
Franz Josef Strauss Munich
59%
Tegel Berlin
58%
McCarran Las Vegas
58%
Daxing Beijing
55%
Chek Lap Kok Hong Kong
55%
Malpensa Milan
55%
Sheremetyevo Moscow
55%
Taoyuan Taipei
50%
No matching quizzes found
Score Distribution
Percent of People with Each Score
Percentile by Number Answered
Your Score History
You have not taken this quiz